| 000 | 00749nam a2200241 a 4500 | ||
|---|---|---|---|
| 999 |
_c3133 _d3133 |
||
| 005 | 20231101063619.0 | ||
| 008 | 991125s1990 mx 000 0 spa u | ||
| 020 | _a9682927390 | ||
| 035 | _aUPN01000003133 | ||
| 040 |
_aUPN _bspa _cUPN |
||
| 049 | _aCG | ||
| 050 | 4 |
_aPQ7104 _bL58 no. 1 |
|
| 245 | 0 | 0 |
_aAntología de Amado Nervo : _bpoesía y prosa / _cselec., y pról. de Alfonso Reyes. |
| 260 |
_aMéxico : _bCNCA, Dirección General de Publicaciones, _c1990. |
||
| 300 | _a254 p. | ||
| 440 | 0 |
_aLecturas mexicanas. _pTercera serie ; _v1 |
|
| 600 | 1 | 4 |
_aNERVO, AMADO, _d1870-1919 |
| 650 | 4 |
_aPoesía mexicana _91273 |
|
| 650 | 2 |
_aPoetas mexicanos _91325 |
|
| 700 | 1 |
_aReyes, Alfonso, _d1889-1959 _ecomp. |
|
| 905 | _aLibro | ||
| 942 |
_2lcc _cLIBRO |
||